| 000 | 00840nam a22002297a 4500 | ||
|---|---|---|---|
| 999 |
_c18822 _d18822 |
||
| 003 | AR-CdUCM | ||
| 008 | 190515b ||||| |||| 00| 0 spa d | ||
| 040 |
_aMUNICIPALIDAD PROVINCIAL DEL CUSCO _cBIBLIOTECA MUNICIPAL DEL CUSCO |
||
| 082 |
_a149 / _bCH96 |
||
| 100 |
_aChupajin, Ivan I. _939657 |
||
| 245 | _aTeoría del concepto / | ||
| 260 |
_aBuenos Aires : _bNuestro tiempo, _c1964. |
||
| 300 |
_a168 páginas ; _c23 cm. |
||
| 440 |
_aColección el viento en el mundo _939658 |
||
| 505 | _aContenido : Particularidades del concepto como reflejo del mundo objetivo -- Caracteres generales -- Juicio del razonamiento... | ||
| 650 |
_aRazonamiento _920965 |
||
| 650 |
_aRazonamientos no silogísticos _939659 |
||
| 650 |
_aLógica formal _939660 |
||
| 650 |
_aLeyes de la lógica formal _939661 |
||
| 942 |
_2ddc _cLIBROS |
||
| 945 | _arcc | ||